000 00473nam a2200157Ia 4500
008 220216s9999 xx 000 0 und d
100 _aThomas K.K.
245 0 _aRole of James Collins in the development of rubber plantation industry in the British India : A historical reappraisal
260 _bThe Planter
_c2002
300 _a33-41
650 _aDomestication
650 _aHistory
650 _aJames Collins
650 _aRubber plantation industry
942 _cBS
999 _c51266
_d51266